000 00852nam a22002535i 4500
001 13067
003 ES-MaACL
005 20240426063017.0
007 t|
008 950615s1994 sp ||||0| spa j
020 _a84-7962-067-6
040 _aM-BN
_bspa
_cM-BN
080 _a860(729.5)-14"19"
100 0 _aMatos Paoli, Francisco,
_d1915-2000
_979096
245 1 0 _aPoesía esencial de Francisco Matos Paoli
_b: "estudio y antología" /
_c[selección de] Louis Bourne ... [et al.].
260 _aMadrid :
_bCentro de Estudios Poéticos Hispánicos :
_bVerbum,
_cD.L. 1994.
300 _a63 p. :
_bil. ;
_c20 cm.
490 1 _aVerbum poesía
504 _aBibliografía: p. [57]-63.
700 1 _aBourne, Louis.
_931015
830 0 _aVerbum poesía
_9179410
852 _aES-MaACL
_jL-20412
_bR.124360
999 _c13067
_d13067